000 00964nam a2200301 a 4500
001 000039416
003 DO-SdBPM
005 20250527094243.0
007 000039416
008 130626s 2001 dr 000 0 spa
020 _a9993484202
040 _aDO-SdBPM
_bspa
_cBPMSU
082 4 _a158.1
_bC538v 2001
_222
100 1 _aChillello
245 1 3 _aEl verano de los sabios :
_b¿Que somos? /
_cChillello.
246 1 4 _aEl verano de los sabios:
_bla naturaleza humana en el umbral de una nueva dimensión
260 _aSanto Domingo :
_bEdiciones Mentelibros,
_c2001.
300 _a174 p. ;
_c23 cm.
490 0 _aProfecías de la ciencia
500 _a"La naturaleza humana en el umbral de una nueva dimensión"
590 _aInventariado, 2025/VM
650 4 _aAutorrealización (Psicología)
650 4 _aAutoanálisis
650 4 _aPsicología aplicada
650 4 _aSalud mental
910 _aVMateo V. Control de calidad. BPMSU
942 _2ddc
_cBK
999 _c7837
_d7837